Mechanical metallurgy (Record no. 25704)

000 -LEADER
fixed length control field 00503nam a22001937a 4500
001 - CONTROL NUMBER
control field 25704
003 - CONTROL NUMBER IDENTIFIER
control field BD-DhUET
008 - FIXED-LENGTH DATA ELEMENTS--GENERAL INFORMATION
fixed length control field 150516b xxu||||| |||| 00| 0 eng d
040 ## - CATALOGING SOURCE
Transcribing agency 0
Modifying agency BD-DhUET
082 ## - DEWEY DECIMAL CLASSIFICATION NUMBER
Classification number 669.94
Item number DIE/1961
100 ## - MAIN ENTRY--PERSONAL NAME
Personal name Dieter, E. George
245 ## - TITLE STATEMENT
Title Mechanical metallurgy
250 ## - EDITION STATEMENT
Edition statement 1st ed.
260 ## - PUBLICATION, DISTRIBUTION, ETC. (IMPRINT)
Place of publication, distribution, etc. London
Name of publisher, distributor, etc. McGraw-Hill
Date of publication, distribution, etc. 1961
300 ## - PHYSICAL DESCRIPTION
Extent xix, 615p.
Other physical details ill
490 ## - SERIES STATEMENT
Series statement Metallurgy and metallurgical engineering series
650 #0 - SUBJECT ADDED ENTRY--TOPICAL TERM
Topical term or geographic name as entry element Strength of materials
942 ## - ADDED ENTRY ELEMENTS (KOHA)
Koha item type General Book
Holdings
Lost status Koha out on loan Location (home branch) Damaged status Not for loan Koha normalized classification for sorting Shelving location Koha item type Price effective from Copy number Koha date last seen Piece designation (barcode) Koha date last borrowed Withdrawn status Koha issues (times borrowed) Sublocation or collection (holding branch) Date acquired Source of classification or shelving scheme Koha full call number
  Central Library, BUET  669_940000000000000_DIE_1961Circulation sectionGeneral Book2015-05-1612015-05-167380   Central Library, BUET2015-05-16 669.94/DIE/1961
  Central Library, BUET  669_940000000000000_DIE_1961Circulation sectionGeneral Book2015-05-1622015-05-1620408   Central Library, BUET2015-05-16 669.94/DIE/1961
  Central Library, BUET  669_940000000000000_DIE_1961Circulation sectionGeneral Book2015-05-1632015-05-1611400   Central Library, BUET2015-05-16 669.94/DIE/1961
  Central Library, BUET  669_940000000000000_DIE_1961Circulation sectionGeneral Book2015-05-1642015-05-1631952   Central Library, BUET2015-05-16 669.94/DIE/1961
  Central Library, BUET  669_940000000000000_DIE_1961Circulation sectionGeneral Book2015-05-1952015-05-1931933   Central Library, BUET2015-05-19 669.94/DIE/1961
  Central Library, BUET  669_940000000000000_DIE_1961Circulation sectionGeneral Book2015-05-2062024-05-26547042024-03-04 2Central Library, BUET2015-05-20 669.94/DIE/1961
  Central Library, BUET  669_940000000000000_DIE_1961Circulation sectionGeneral Book2015-05-2172015-05-2124464   Central Library, BUET2015-05-21 669.94/DIE/1961
  Central Library, BUET  669_940000000000000_DIE_1961Circulation sectionGeneral Book2015-05-2182018-10-06204072018-08-08 1Central Library, BUET2015-05-21 669.94/DIE/1961
  Central Library, BUET  669_940000000000000_DIE_1961Circulation sectionGeneral Book2015-05-2392017-03-1131936   Central Library, BUET2015-05-23 669.94/DIE/1961
 2025-05-14Central Library, BUET  669_940000000000000_DIE_1961Circulation sectionGeneral Book2015-05-23102025-04-30319352025-04-30 1Central Library, BUET2015-05-23 669.94/DIE/1961
  Central Library, BUET  669_940000000000000_DIE_1961Reading sectionGeneral Book2015-06-17112015-06-1724463   Central Library, BUET2015-06-17 669.94/DIE/1961
  Central Library, BUET  669_940000000000000_DIE_1961Reading sectionReading Item2015-06-27122015-06-2736043   Central Library, BUET2015-06-27 669.94/DIE/1961